|
|
|
|
| LEADER |
00000nab a2200000 a 4500 |
| 001 |
vtls010237995 |
| 003 |
SK-MaSNL |
| 005 |
20260303210739.0 |
| 008 |
140417c2011 xo mr|p|||| |000 b|slo |
| 015 |
|
|
|a SNBRB2011/02
|
| 038 |
|
|
|a SPK
|
| 040 |
|
|
|a SPKCL
|b slo
|c AACR2
|e AACR2
|
| 041 |
0 |
|
|a slo
|
| 044 |
|
|
|a xo
|c SK
|
| 072 |
|
7 |
|a 37
|x Výchova a vzdelávanie
|2 konspekt
|
| 072 |
|
7 |
|a 793
|x Spoločenské zábavy
|2 konspekt
|
| 080 |
|
|
|a 379.82
|2 2001
|
| 080 |
|
|
|a 793.7
|2 2001
|
| 245 |
0 |
0 |
|a Proti nude
|c pripravil Jozef Smida
|
| 300 |
|
|
|b Fotogr., obr.
|
| 650 |
0 |
7 |
|a voľný čas
|2 snkbucl
|9 3355
|
| 650 |
0 |
7 |
|a rozvíjanie schopností
|2 snkbucl
|9 342653
|
| 650 |
0 |
7 |
|a pamäť
|2 snkbucl
|9 2559
|
| 650 |
0 |
7 |
|a myslenie
|2 snkbucl
|9 1638
|
| 650 |
0 |
7 |
|a hlavolamy
|2 snkbucl
|9 3312
|
| 650 |
0 |
7 |
|a vedecké pokusy
|2 snkbucl
|9 69059
|
| 700 |
1 |
|
|a Smida, Jozef
|4 red
|9 5448
|
| 773 |
0 |
|
|t Rodina a škola
|g Roč. 59, č. 1 (2011), s. 23
|x 0231-6463
|
| 852 |
|
|
|a SPK
|b KIS3GCP
|
| 999 |
|
|
|c 2201493
|d 2203423
|